[Event "ch-FRA Blitz Online Qual"]
[Site "Europe-Chess INT"]
[Date "2020.05.16"]
[Round "14"]
[White "Salami, Reza"]
[Black "Antao, Amory"]
[Result "0-1"]
[WhiteElo "1882"]
[BlackElo "2099"]
[WhiteFideId "618659"]
[BlackFideId "36049700"]
[EventDate "2020.05.16"]

1. d4 Nc6 2. Nf3 g6 3. Nc3 d6 4. e4 Bg7 5. h3 e5 6. dxe5 Nxe5 7. Nxe5 Bxe5 8.
Be3 Ne7 9. Bc4 Be6 10. Bxe6 fxe6 11. O-O O-O 12. Qg4 Qc8 13. Bh6 Rf7 14. f4 Bd4+
15. Kh1 Kh8 16. Rae1 Ng8 17. Bg5 e5 18. f5 gxf5 19. exf5 c6 20. Ne4 Qd7 21. c3
Bb6 22. Rd1 d5 23. Ng3 Bd8 24. Bxd8 Rxd8 25. Nh5 Nf6 26. Nxf6 Rxf6 27. Qg5 Qf7
28. g4 Rg8 29. Qe3 e4 30. Qd4 a6 31. b3 Qg7 32. Rfe1 Qh6 33. Kg2 Qg7 34. Re3
Rxf5 35. Qxg7+ Rxg7 36. Rg3 Re5 37. c4 Rd7 38. h4 d4 39. g5 c5 40. h5 Kg7 41.
Kh3 e3 42. Kh4 Re4+ 43. Kh3 d3 44. Rf3 e2 45. Re1 d2 0-1

[Event "ch-FRA Blitz Online Qual"]
[Site "Europe-Chess INT"]
[Date "2020.05.16"]
[Round "14"]
[White "Cassam-Chenai, Antoine"]
[Black "Kuhn, Clement"]
[Result "0-1"]
[BlackTitle "CM"]
[WhiteElo "1839"]
[BlackElo "2150"]
[WhiteFideId "36087866"]
[BlackFideId "36099775"]
[EventDate "2020.05.16"]

1. e4 c5 2. Nf3 Nc6 3. Bb5 g6 4. Bxc6 dxc6 5. d3 Bg7 6. h3 Nf6 7. Nc3 O-O 8. Be3
b6 9. O-O e5 10. Nh2 Nh5 11. Qd2 Qd6 12. Bh6 Nf4 13. Bxg7 Kxg7 14. Ng4 h5 15.
Ne3 Be6 16. Kh2 Rad8 17. Ne2 c4 18. Rad1 cxd3 19. Nxf4 exf4 20. Nc4 Bxc4 21.
Qc3+ Qd4 22. Qa3 Qxe4 23. cxd3 Bxd3 24. Rfe1 Qf5 25. Qc3+ Kh7 26. Re5 Qd7 27.
Qd2 Bf5 28. Qxf4 Qxd1 29. Rxf5 Qd6 30. Re5 f6 31. Qa4 Qxe5+ 32. f4 Qc7 33. Kg3
Rd3+ 34. Kh4 Rfd8 35. g4 hxg4 36. hxg4 g5+ 37. fxg5 Qg3+ 0-1

[Event "ch-FRA Blitz Online Qual"]
[Site "Europe-Chess INT"]
[Date "2020.05.16"]
[Round "14"]
[White "Menjra, Yanis"]
[Black "Emmenecker, Pierre-Antoine"]
[Result "0-1"]
[WhiteElo "1489"]
[BlackElo "2172"]
[WhiteFideId "45155500"]
[BlackFideId "36031321"]
[EventDate "2020.05.16"]

1. d4 d5 2. Nf3 c5 3. e3 e6 4. c3 Nc6 5. Bd3 Nf6 6. Nbd2 Be7 7. O-O O-O 8. Ne5
Nxe5 9. dxe5 Nd7 10. f4 f5 11. Nf3 c4 12. Bc2 Qb6 13. Nd4 Nc5 14. g4 Ne4 15.
Bxe4 fxe4 16. g5 Bd7 17. h4 Bc5 18. Kf2 Be8 19. Qg4 Bg6 20. Qxe6+ Kh8 21. Qxb6
axb6 22. Ne6 Rfe8 23. Nc7 Rec8 24. Nxa8 Rxa8 25. Rh1 Bh5 26. Bd2 g6 27. b3 Rf8
28. bxc4 Rxf4+ 29. Ke1 Rf3 30. a4 dxc4 31. a5 Bxe3 32. Bxe3 Rxe3+ 33. Kd2 Re2+
34. Kc1 Bf3 35. Rd1 Rh2 36. Rd8+ Kg7 37. Rd7+ Kf8 38. axb6 Rh1+ 39. Kb2 Rxa1 40.
Kxa1 e3 41. e6 e2 42. Rf7+ Ke8 43. Rxf3 e1=Q+ 44. Kb2 Qe2+ 45. Ka3 Qxf3 46. Kb4
Qc6 47. h5 gxh5 48. g6 hxg6 49. e7 Kxe7 50. Ka3 Qxb6 51. Ka4 h4 52. Ka3 Qb3# 0-1

[Event "ch-FRA Blitz Online Qual"]
[Site "Europe-Chess INT"]
[Date "2020.05.16"]
[Round "14"]
[White "Kantzer, Romain"]
[Black "Barbot, Pierre1"]
[Result "1/2-1/2"]
[BlackTitle "IM"]
[WhiteElo "1930"]
[BlackElo "2443"]
[WhiteFideId "26024640"]
[BlackFideId "663727"]
[EventDate "2020.05.16"]

1. d4 c5 2. d5 Nf6 3. Nc3 g6 4. e4 d6 5. Be3 Bg7 6. Nf3 O-O 7. Qd2 Na6 8. a3 Nc7
9. h4 b5 10. Bh6 b4 11. axb4 cxb4 12. Na4 Nxe4 13. Qe3 Nf6 14. Bxg7 Kxg7 15. h5
Ncxd5 16. Qd2 Qc7 17. Bd3 e5 18. hxg6 fxg6 19. Qh6+ Kg8 20. Ng5 Qg7 21. Qh4 h5
22. Bc4 Bf5 23. Rd1 Bxc2 24. Rxd5 Nxd5 25. Bxd5+ Kh8 26. b3 Rac8 27. Ne6 Qf6 28.
Nxf8 Rxf8 29. Qxf6+ Rxf6 30. O-O Kg7 31. Rc1 Bf5 32. Rc7+ Kh6 33. Rxa7 Rf8 34.
Rb7 Rc8 35. Rxb4 Rc1+ 36. Kh2 Rc2 37. f3 h4 38. Rc4 Rd2 39. Nc3 h3 40. f4 e4 41.
Bxe4 Bxe4 42. Nxe4 Rxg2+ 43. Kxh3 Rb2 44. Rc3 d5 45. Nf6 d4 46. Rd3 g5 47. Nd5
gxf4 48. Nxf4 Kg5 49. Ne6+ Kf5 50. Rxd4 Rxb3+ 51. Kg2 Rb2+ 52. Kf3 Kxe6 53. Rc4
Kd5 54. Rg4 Rb3+ 55. Ke2 Ke5 56. Rg5+ Ke4 57. Rg8 Rb2+ 58. Kd1 Rh2 59. Re8+ Kd4
60. Rd8+ Ke3 61. Re8+ Kd3 62. Rd8+ Ke3 63. Re8+ Kf4 64. Rf8+ Kg3 65. Rg8+ Kf3
66. Rf8+ Kg2 67. Rg8+ Kh1 68. Ke1 Rg2 69. Rxg2 Kxg2 1/2-1/2

[Event "ch-FRA Blitz Online Qual"]
[Site "Europe-Chess INT"]
[Date "2020.05.16"]
[Round "14"]
[White "Thomas, Anysia"]
[Black "Debray, Christopher"]
[Result "0-1"]
[WhiteTitle "WFM"]
[BlackTitle "IM"]
[WhiteElo "2160"]
[BlackElo "2376"]
[WhiteFideId "670472"]
[BlackFideId "630810"]
[EventDate "2020.05.16"]

1. d4 d5 2. c4 dxc4 3. Nf3 Nf6 4. Nc3 a6 5. a4 Nc6 6. e4 Na5 7. Be3 Bg4 8. h3
Bh5 9. Be2 e6 10. O-O Bb4 11. Bg5 Bxc3 12. bxc3 h6 13. Bxf6 Qxf6 14. Ne5 Bxe2
15. Qxe2 Nb3 16. Ra2 Na5 17. Nxc4 Nc6 18. Rb2 b6 19. e5 Qf5 20. Ne3 Qe4 21. f3
Qg6 22. Qc4 Kd7 23. d5 Nxe5 24. dxe6+ Qxe6 25. Rd2+ Kc8 26. Qe4 Kb8 27. Rfd1 Ka7
28. Nd5 Rac8 29. a5 Rhd8 30. axb6+ cxb6 31. Nxb6 Qxb6+ 32. Kh2 Rxd2 33. Rxd2 f6
34. f4 Nc6 35. Rd6 Qc7 36. Qe3+ Kb7 37. Qd3 Rd8 38. Rxd8 Qxd8 39. Qb1+ Qb6 40.
Qe4 Qc7 41. Qb1+ Ka7 42. Qg1+ Ka8 43. c4 Qxf4+ 44. Kh1 Nd4 45. Qb1 Ka7 46. Qb2
Qe5 47. Qf2 a5 48. Qa2 Ka6 49. Qa4 Qe1+ 50. Kh2 Qe5+ 51. Kh1 Ne6 52. Qc6+ Ka7
53. Qd7+ Nc7 54. Qc6 Qa1+ 55. Kh2 Qe5+ 56. Kh1 Kb8 57. c5 f5 58. Qb6+ Kc8 59.
Qg6 Qxc5 60. Qxg7 h5 61. Qh8+ Kb7 62. Qxh5 a4 63. Qf3+ Kb6 64. Qd1 a3 65. Qb1+
Nb5 66. Qa2 Qb4 67. Qe6+ Ka5 68. Qxf5 a2 69. Qf6 Qb1+ 70. Kh2 a1=Q 71. Qd8+ Ka4
72. Qa8+ Kb4 73. Qe4+ Qxe4 0-1

[Event "ch-FRA Blitz Online Qual"]
[Site "Europe-Chess INT"]
[Date "2020.05.16"]
[Round "14"]
[White "Szajbely, Zsigmond"]
[Black "Fardet, Elouan"]
[Result "1-0"]
[WhiteTitle "FM"]
[WhiteElo "2260"]
[BlackElo "2163"]
[WhiteFideId "711691"]
[BlackFideId "45163596"]
[EventDate "2020.05.16"]

1. e4 c5 2. Nf3 d6 3. d4 cxd4 4. Nxd4 Nf6 5. Nc3 Bd7 6. Bc4 e6 7. g4 Nc6 8. Be3
Nxd4 9. Bxd4 e5 10. Be3 Bxg4 11. f3 Be6 12. Bb5+ Bd7 13. Qd2 Bxb5 14. Nxb5 Be7
15. Nxa7 d5 16. exd5 Nxd5 17. Nb5 Nxe3 18. Qxe3 O-O 19. Nc3 Bh4+ 20. Ke2 Bg5 21.
Qd3 Qb6 22. Ne4 Bf4 23. Qb3 Qa6+ 24. Qd3 Qb6 25. Qb3 Qc6 26. Rad1 Rac8 27. c3
Qa6+ 28. Kf2 Kh8 29. Nd6 Rc7 30. Qb4 Rd8 31. Ne4 Rxd1 32. Qf8# 1-0

[Event "ch-FRA Blitz Online Qual"]
[Site "Europe-Chess INT"]
[Date "2020.05.16"]
[Round "14"]
[White "Guadalpi, David"]
[Black "Gretry, Patrice"]
[Result "1-0"]
[WhiteTitle "FM"]
[WhiteElo "2272"]
[BlackElo "2017"]
[WhiteFideId "603244"]
[BlackFideId "624675"]
[EventDate "2020.05.16"]

1. e4 e5 2. Nf3 Nc6 3. Bb5 a6 4. Ba4 Nf6 5. Nc3 b5 6. Bb3 Bc5 7. Nd5 Nxe4 8. O-O
d6 9. Qe2 Nf6 10. d4 Nxd4 11. Nxd4 Bxd4 12. Bg5 Be6 13. Nxf6+ gxf6 14. Bxe6 fxe6
15. Qh5+ Kd7 16. Be3 Bxb2 17. Rad1 Qe7 18. Qf3 Bc3 19. Rd3 b4 20. Rfd1 f5 21.
Qb7 Rhb8 22. Rxd6+ Ke8 23. Qc6+ Kf8 24. Rxe6 Qg7 25. Bh6 Rb6 26. Bxg7+ Kg8 27.
Qxa8+ Kxg7 28. Rd7# 1-0

[Event "ch-FRA Blitz Online Qual"]
[Site "Europe-Chess INT"]
[Date "2020.05.16"]
[Round "14"]
[White "Materia, Marco"]
[Black "Djidjeli, Sarah"]
[Result "1-0"]
[WhiteTitle "FM"]
[WhiteElo "2269"]
[BlackElo "2074"]
[WhiteFideId "45150451"]
[BlackFideId "36067474"]
[EventDate "2020.05.16"]

1. d4 Nf6 2. c4 g6 3. Nc3 d5 4. cxd5 Nxd5 5. e4 Nxc3 6. bxc3 Bg7 7. Nf3 c5 8.
Bb5+ Bd7 9. Be2 O-O 10. O-O Nc6 11. Be3 Qa5 12. Rc1 Rfd8 13. Qb3 Qc7 14. d5 Ne5
15. Nxe5 Bxe5 16. f4 Bg7 17. c4 b6 18. e5 f6 19. e6 Be8 20. f5 gxf5 21. Rxf5 Bg6
22. Rf3 f5 23. Bf4 Be5 24. Qe3 Bxf4 25. Rxf4 Rf8 26. Rcf1 a6 27. Bd3 Rf6 28.
Bxf5 Raf8 29. Bxg6 Rxf4 30. Bf7+ R4xf7 31. exf7+ Rxf7 32. Qe6 1-0

[Event "ch-FRA Blitz Online Qual"]
[Site "Europe-Chess INT"]
[Date "2020.05.16"]
[Round "14"]
[White "Le Brech, Cyril"]
[Black "De Seroux, Camille"]
[Result "1-0"]
[BlackTitle "WIM"]
[WhiteElo "1986"]
[BlackElo "2137"]
[WhiteFideId "20675186"]
[BlackFideId "1305620"]
[EventDate "2020.05.16"]

1. e4 c5 2. d4 cxd4 3. c3 dxc3 4. Nxc3 Nc6 5. f4 a6 6. Nf3 d6 7. Bd3 Nf6 8. O-O
g6 9. h3 Bg7 10. Be3 O-O 11. Qe2 b5 12. Rad1 Bb7 13. a3 Rc8 14. f5 Na5 15. fxg6
hxg6 16. Kh2 Nc4 17. Bc1 Nxa3 18. e5 dxe5 19. Bxg6 fxg6 20. Rxd8 Rfxd8 21. Nxe5
b4 22. Nxg6 bxc3 23. bxa3 Nd5 24. Qe6+ Kh7 25. Rf5 Nf6 26. Nxe7 Rc7 27. Rh5+
Nxh5 28. Qg6+ Kh8 29. Qxh5+ Bh6 30. Qxh6# 1-0

[Event "ch-FRA Blitz Online Qual"]
[Site "Europe-Chess INT"]
[Date "2020.05.16"]
[Round "14"]
[White "Profili, Emilio"]
[Black "Sahetchian, Armand"]
[Result "1-0"]
[WhiteElo "2053"]
[BlackElo "2117"]
[WhiteFideId "45160805"]
[BlackFideId "607150"]
[EventDate "2020.05.16"]

1. e4 d6 2. d4 Nf6 3. Nc3 g6 4. Bg5 Bg7 5. Qd2 h6 6. Bf4 Nbd7 7. O-O-O Nh5 8.
Be3 e5 9. Be2 exd4 10. Bxd4 Nhf6 11. Be3 Ne5 12. h3 Be6 13. f4 Nc4 14. Bxc4 Bxc4
15. Nf3 Qd7 16. e5 dxe5 17. Qf2 Qe6 18. Nxe5 O-O 19. Bc5 Rfe8 20. Rhe1 Qa6 21.
Nxc4 Qxc4 22. Bd4 Rxe1 23. Rxe1 b6 24. Be5 Rd8 25. g4 Nd5 26. Bxg7 Kxg7 27. Rd1
c6 28. Qd4+ Qxd4 29. Rxd4 Rd7 30. Ne4 Nf6 31. Rxd7 Nxd7 32. Kd2 Kf8 33. Ke3 Ke7
34. Kd4 f5 35. Ng3 Ke6 36. b4 Nf6 37. gxf5+ gxf5 38. c4 h5 39. h4 Kd6 40. Nxf5+
Ke6 41. Ng3 Ng4 42. Nxh5 1-0

[Event "ch-FRA Blitz Online Qual"]
[Site "Europe-Chess INT"]
[Date "2020.05.16"]
[Round "14"]
[White "Grosse, Ludovic"]
[Black "Lucas, Arthur"]
[Result "1-0"]
[BlackTitle "FM"]
[WhiteElo "1958"]
[BlackElo "2283"]
[WhiteFideId "26045842"]
[BlackFideId "26093073"]
[EventDate "2020.05.16"]

1. d4 Nf6 2. Nf3 g6 3. Bf4 Bg7 4. Nbd2 d5 5. e3 c6 6. c4 O-O 7. Bd3 Bg4 8. h3
Bxf3 9. Nxf3 e6 10. O-O Nbd7 11. cxd5 exd5 12. a3 Re8 13. b4 Ne4 14. a4 a5 15.
b5 c5 16. Bxe4 dxe4 17. Ne5 Nxe5 18. Bxe5 Bxe5 19. dxe5 Rxe5 20. Qc2 Qe7 21. Qc3
Rd5 22. Rfd1 Qd6 23. Qc2 Rd8 24. Rdc1 b6 25. Qxe4 Rd2 26. Qf3 Qd5 27. Qxd5 R8xd5
28. Rc4 Rd1+ 29. Rxd1 Rxd1+ 30. Kh2 Rb1 31. Re4 Kf8 32. Kg3 Rb4 33. Kf3 f5 34.
Re6 Rxa4 35. Rxb6 Rb4 36. Rb8+ Ke7 37. b6 Kd6 38. Ra8 a4 39. b7 Kc7 40. b8=Q+
Rxb8 41. Rxa4 Rb7 42. Ke2 Kc6 43. Kd3 Kb5 44. Ra1 Rd7+ 45. Kc3 Kc6 46. Ra6+ Kd5
47. Ra1 Ke4 48. Ra4+ Kd5 49. Ra8 Rb7 50. Rd8+ Kc6 51. Kc4 Rb4+ 52. Kc3 Ra4 53.
Rc8+ Kd5 54. Rd8+ Kc6 55. Rc8+ Kd6 56. Rd8+ Kc7 57. Rh8 Ra2 58. Rxh7+ Kd6 59.
Rg7 Rxf2 60. Rxg6+ Kd5 61. h4 Rf1 62. h5 Rh1 63. h6 Ke4 64. Kd2 c4 65. Kc3 Rc1+
66. Kd2 Rh1 67. Kc3 Kxe3 68. Kxc4 f4 69. Kd5 Kf2 70. Ke6 Ke3 71. Kf7 Kf2 72. Kg7 1-0

[Event "ch-FRA Blitz Online Qual"]
[Site "Europe-Chess INT"]
[Date "2020.05.16"]
[Round "14"]
[White "Perrin, Antoine"]
[Black "Chabradze, Boris"]
[Result "1/2-1/2"]
[WhiteElo "1967"]
[BlackElo "2101"]
[WhiteFideId "45127255"]
[BlackFideId "13603019"]
[EventDate "2020.05.16"]

1. e4 c5 2. Nf3 d6 3. d4 cxd4 4. Nxd4 Nf6 5. Nc3 a6 6. f3 e5 7. Nb3 Be6 8. Be3
Nbd7 9. Qd2 Be7 10. O-O-O b5 11. g4 h6 12. h4 Nb6 13. Kb1 Rb8 14. Na5 Qc7 15.
Be2 O-O 16. g5 Nh5 17. Nd5 Bxd5 18. exd5 Nxd5 19. Qxd5 Qxa5 20. gxh6 g6 21. Bd3
Kh7 22. f4 exf4 23. Bd2 Nf6 24. Qf3 b4 25. h5 Qd5 26. Qxf4 Nxh5 27. Qe3 Qe5 28.
Qxe5 dxe5 29. Rxh5 f5 30. Rhh1 a5 31. Rdg1 e4 32. Bc4 Bc5 33. Rf1 e3 34. Bc1 f4
35. Rf3 Rbe8 36. Be2 g5 37. Rg1 Re5 38. c3 a4 39. Bd3+ Kh8 40. Be2 Rf6 41. cxb4
Bxb4 42. b3 Bc3 43. Bb2 Bxb2 44. Kxb2 axb3 45. axb3 Rxh6 46. b4 Rh2 47. Re1 Rf5
48. Rff1 f3 49. Kc3 Rxe2 50. Rxe2 fxe2 51. Re1 Rf3 52. Rxe2 g4 53. Kd3 Rf4 54.
Rxe3 Rxb4 55. Re4 Rxe4 56. Kxe4 g3 57. Kf3 g2 58. Kxg2 1/2-1/2

[Event "ch-FRA Blitz Online Qual"]
[Site "Europe-Chess INT"]
[Date "2020.05.16"]
[Round "14"]
[White "Cahen, Alexis"]
[Black "Partac, Elena"]
[Result "1-0"]
[BlackTitle "WGM"]
[WhiteElo "2122"]
[BlackElo "2079"]
[WhiteFideId "26076918"]
[BlackFideId "13901001"]
[EventDate "2020.05.16"]

1. e4 c5 2. Ne2 e6 3. c4 Nc6 4. Nbc3 e5 5. g3 d6 6. Bg2 Nf6 7. O-O Be7 8. d3 O-O
9. Rb1 Ne8 10. a3 f5 11. b4 f4 12. gxf4 exf4 13. Bxf4 Bg5 14. Bg3 Bg4 15. f4 Bf6
16. Qd2 Nd4 17. Nxd4 Bxd4+ 18. Bf2 Bxc3 19. Qxc3 cxb4 20. axb4 Rxf4 21. Bd4 Qg5
22. Rxf4 Qxf4 23. Rf1 Qg5 24. Kh1 a5 25. b5 a4 26. e5 dxe5 27. Bxe5 a3 28. Bd5+ 1-0

[Event "ch-FRA Blitz Online Qual"]
[Site "Europe-Chess INT"]
[Date "2020.05.16"]
[Round "14"]
[White "Roux, Baptiste"]
[Black "Spitz, Christophe"]
[Result "1-0"]
[WhiteElo "2145"]
[BlackElo "2137"]
[WhiteFideId "36017450"]
[BlackFideId "608378"]
[EventDate "2020.05.16"]

1. e4 c5 2. Nf3 g6 3. c3 Nf6 4. Bd3 Bg7 5. O-O d6 6. h3 Nc6 7. Bc2 O-O 8. d4
cxd4 9. cxd4 Nb4 10. Bb3 Nc6 11. Nc3 Bd7 12. Qe2 a6 13. Rd1 b5 14. a3 Na5 15.
Ba2 Qc7 16. e5 Ne8 17. e6 Bxe6 18. Bxe6 fxe6 19. Qxe6+ Kh8 20. Ng5 Qc4 21. Nd5
Nf6 22. Nb6 Qxe6 23. Nxe6 Rab8 24. Nxf8 Bxf8 25. b4 Nb3 26. Rb1 Nxc1 27. Rbxc1
Rxb6 28. Rc8 Kg7 29. Rdc1 e5 30. dxe5 dxe5 31. R1c7+ Kg8 32. Rc6 Nd5 33. Rxb6
Nxb6 34. Rc6 Nc4 35. Rxa6 Kf7 36. a4 bxa4 37. Rxa4 Ke6 38. b5 Nb6 39. Ra7 h5 40.
Rc7 Kd5 41. Rc6 Bc5 42. Rxg6 Nc4 43. Rg5 Nd6 44. Rxh5 Nxb5 45. Kf1 Ke4 46. g4
Nd4 47. Rh7 Nf3 48. h4 Nh2+ 49. Kg2 Nxg4 50. f3+ Kf4 51. Rf7+ Ke3 52. fxg4 e4
53. h5 Kd4 54. h6 1-0

[Event "ch-FRA Blitz Online Qual"]
[Site "Europe-Chess INT"]
[Date "2020.05.16"]
[Round "14"]
[White "Coiffait, Pierre-Basile"]
[Black "Kovacs, Klara"]
[Result "0-1"]
[BlackTitle "WIM"]
[WhiteElo "2261"]
[BlackElo "2154"]
[WhiteFideId "20665342"]
[BlackFideId "733210"]
[EventDate "2020.05.16"]

1. e4 e6 2. d4 d5 3. Nd2 Be7 4. Ngf3 c5 5. exd5 Qxd5 6. Bc4 Qd8 7. dxc5 Nf6 8.
O-O Bxc5 9. c3 O-O 10. Qe2 Nc6 11. Nb3 Be7 12. Bd3 a6 13. a4 Bd7 14. Bg5 h6 15.
Bh4 Rc8 16. Rfd1 Nd5 17. Bg3 Qb6 18. Nbd4 Bf6 19. Nxc6 Bxc6 20. Ne5 Rfd8 21. Qe4
Bxe5 22. Qh7+ Kf8 23. Bxe5 f6 24. Bg3 Ne7 25. Bg6 Qxb2 26. Rac1 Bd5 27. Qh8+ Ng8
28. Bh7 Kf7 29. Bd3 Ne7 30. Qh7 Rxc3 31. Rxc3 Qxc3 32. Bc2 f5 33. Bb1 Be4 34. f3
Rxd1+ 0-1

[Event "ch-FRA Blitz Online Qual"]
[Site "Europe-Chess INT"]
[Date "2020.05.16"]
[Round "14"]
[White "Trabet, Mathis"]
[Black "Berthaut, Alexandre"]
[Result "0-1"]
[WhiteElo "2118"]
[BlackElo "1924"]
[WhiteFideId "36041289"]
[BlackFideId "26080192"]
[EventDate "2020.05.16"]

1. e4 b6 2. d4 Bb7 3. Bd3 Nf6 4. e5 Bxg2 5. exf6 Bxh1 6. fxg7 Bxg7 7. f3 e6 8.
Be3 Qh4+ 9. Bf2 Qxh2 10. Qd2 Nc6 11. c3 Rg8 12. Na3 Bh6 13. Be3 Rxg1+ 14. Bxg1
Qxd2+ 15. Kf1 Qxd3+ 16. Kf2 Qd2+ 17. Kg3 Qxb2 18. Nb1 Qxa1 19. Kh2 Qxb1 20. d5
Qxg1+ 21. Kxg1 Bxf3 22. c4 Bxd5 23. a4 Bxc4 24. a5 Nxa5 25. Kf2 Ke7 26. Kf3 Bf8
27. Ke4 d5+ 28. Ke5 f6+ 29. Kf4 e5+ 30. Ke3 d4+ 31. Kd2 h5 32. Kc2 h4 33. Kb2 h3
34. Ka3 Be6 35. Ka4 Nb7 36. Kb5 Nd8 37. Ka6 Bc8+ 38. Kb5 Kf7 39. Kc4 Kg8 40. Kd5
h2 41. Kc4 h1=Q 42. Kd3 Ba6+ 43. Kc2 Qg2+ 44. Kb3 Qd5+ 45. Ka4 Qa5+ 46. Kb3 Bc4+
47. Kxc4 Qc3+ 48. Kd5 c6+ 49. Ke4 f5+ 50. Kxe5 Qe3+ 51. Kf6 Bg7+ 52. Kg6 Qg3+
53. Kh5 Qg4# 0-1

[Event "ch-FRA Blitz Online Qual"]
[Site "Europe-Chess INT"]
[Date "2020.05.16"]
[Round "14"]
[White "Hasseine, Madiane"]
[Black "Fournier, Loic"]
[Result "1-0"]
[WhiteElo "2157"]
[BlackElo "2116"]
[WhiteFideId "45180482"]
[BlackFideId "36013463"]
[EventDate "2020.05.16"]

1. d4 Nf6 2. Nf3 c5 3. d5 e6 4. c4 exd5 5. cxd5 d6 6. Nc3 g6 7. Bf4 Bg7 8. Qa4+
Bd7 9. Qb3 Qc7 10. e4 O-O 11. Nd2 Re8 12. Be2 Bg4 13. f3 Bd7 14. O-O Nh5 15. Bg5
h6 16. Bh4 Nf4 17. Bc4 g5 18. Bf2 Na6 19. Nb5 Qb6 20. a4 Qa5 21. Be1 Bf8 22. e5
Qb4 23. Qxb4 Nxb4 24. Nc7 dxe5 25. Nxa8 Rxa8 26. Ne4 Bf5 27. Bxb4 cxb4 28. g3
Ng6 29. Rac1 Kg7 30. Bb3 Bh3 31. Rf2 f5 32. Nc5 f4 33. g4 Bd6 34. Ne4 Bf8 35.
Rc7+ Kh8 36. Rfc2 h5 37. Nxg5 hxg4 38. Rh7+ Kg8 39. d6# 1-0

[Event "ch-FRA Blitz Online Qual"]
[Site "Europe-Chess INT"]
[Date "2020.05.16"]
[Round "14"]
[White "Rousseau, Matthieu"]
[Black "Robert, Mathias"]
[Result "1/2-1/2"]
[WhiteElo "1862"]
[BlackElo "2140"]
[WhiteFideId "26049724"]
[BlackFideId "26066769"]
[EventDate "2020.05.16"]

1. d4 Nf6 2. Bf4 e6 3. Nf3 d5 4. e3 c5 5. Bb5+ Bd7 6. Be2 Nc6 7. c3 Be7 8. O-O
Nh5 9. Bg3 Nxg3 10. hxg3 Qc7 11. Nbd2 O-O 12. Rc1 e5 13. dxe5 Nxe5 14. Nxe5 Qxe5
15. Nf3 Qe6 16. Qb3 Bc6 17. Rfd1 Rad8 18. Bb5 Bf6 19. Bxc6 Qxc6 20. Qa3 b6 21.
b4 Rfe8 22. bxc5 bxc5 23. c4 d4 24. exd4 cxd4 25. Qxa7 d3 26. Qa3 Qe4 27. Kh2 h5
28. Re1 Qf5 29. Rxe8+ Rxe8 30. Rd1 Rd8 31. c5 g5 32. c6 g4 33. Nh4 Bxh4 34. gxh4
Qe5+ 35. Kg1 d2 36. Qb3 Qe1+ 37. Kh2 Qxf2 38. c7 Rc8 39. Qb8 Qf4+ 40. Kg1 Qxc7
41. Qxc7 Rxc7 42. Rxd2 f5 43. Rd5 Rc1+ 44. Kh2 Rc2 45. Rxf5 Rxa2 46. Rxh5 Ra4
47. Rg5+ Kh7 48. Kg3 Kh6 49. Rxg4 Ra3+ 50. Kh2 Kh5 51. Rb4 Re3 52. g3 Re2+ 53.
Kh3 Re3 54. Rb5+ Kh6 55. h5 Ra3 56. Kh4 Ra1 57. Rb6+ Kh7 58. g4 Ra5 59. h6 Kh8
60. g5 Ra1 61. Rb7 Rh1+ 62. Kg4 Rg1+ 63. Kh5 Rf1 64. Kg6 Rf8 65. Rh7+ Kg8 66.
Rc7 Ra8 67. h7+ Kh8 68. Kh5 Rb8 69. g6 Rb5+ 70. Kg4 Rg5+ 71. Kf4 Rxg6 72. Kf5
Rg7 73. Rc8+ Kxh7 74. Kf6 Rg1 75. Kf5 Kg7 76. Rc7+ Kh6 77. Ra7 Rf1+ 78. Kg4 Rf6
79. Ra5 Rb6 80. Rh5+ Kg6 81. Rg5+ Kf6 82. Rf5+ Ke6 83. Rh5 Rb4+ 84. Kf3 Kf6 85.
Ra5 Ke6 86. Ra6+ Kf5 87. Ra5+ Ke6 88. Ke3 Rh4 89. Kf3 Kd6 90. Ke3 Rb4 91. Kd3
Rh4 92. Ke3 Ke6 93. Kd3 Rh1 94. Ke3 Re1+ 95. Kf4 Rd1 96. Kg5 Rd5+ 97. Rxd5 Kxd5 1/2-1/2

[Event "ch-FRA Blitz Online Qual"]
[Site "Europe-Chess INT"]
[Date "2020.05.16"]
[Round "14"]
[White "Nicolas, Guillaume"]
[Black "Khachatryan, Samvel S."]
[Result "0-1"]
[WhiteElo "2143"]
[BlackElo "2179"]
[WhiteFideId "20646607"]
[BlackFideId "13309048"]
[EventDate "2020.05.16"]

1. e4 d5 2. exd5 Nf6 3. Nc3 Nxd5 4. Bc4 Nxc3 5. Qf3 e6 6. Qxc3 Qf6 7. Qxf6 gxf6
8. d4 Bd7 9. Bf4 Bc6 10. f3 Bd6 11. Ne2 Nd7 12. Kf2 Nb6 13. Bd3 Nd5 14. Bxd6
cxd6 15. a3 f5 16. c4 Nf6 17. Rhe1 O-O 18. Nf4 Bd7 19. Rac1 Rfe8 20. Ne2 e5 21.
dxe5 dxe5 22. Nc3 Rad8 23. Nd5 Nxd5 24. cxd5 Bc8 25. Bc4 e4 26. f4 b6 27. Ke3
Bb7 28. Red1 Rd6 29. Rd4 Red8 30. Rcd1 Kg7 31. g4 fxg4 32. Kxe4 Kf6 33. f5 h5
34. Kf4 Re8 35. Re4 Rxe4+ 36. Kxe4 Rd8 37. Kf4 Bc8 38. d6 Bxf5 39. Bxf7 Bg6 40.
Bxg6 Kxg6 41. Ke5 Kf7 42. Rf1+ Kg7 43. Ke6 Re8+ 44. Kd7 Re2 45. Rd1 Rxh2 46. Kc7
Rf2 47. d7 Rf8 48. Rd5 Kg6 49. Kb7 g3 50. Kxa7 g2 51. Rd2 g1=Q 52. d8=Q Rxd8 53.
Rxd8 b5+ 54. Kb7 Qc5 55. Rc8 Qxc8+ 56. Kxc8 h4 57. b3 h3 58. a4 bxa4 59. bxa4 h2
60. a5 h1=Q 61. a6 Qa8+ 62. Kc7 Qxa6 0-1

[Event "ch-FRA Blitz Online Qual"]
[Site "Europe-Chess INT"]
[Date "2020.05.16"]
[Round "14"]
[White "Lambert, Adrien"]
[Black "Cavailles, Evan"]
[Result "0-1"]
[WhiteElo "2123"]
[BlackElo "2018"]
[WhiteFideId "624772"]
[BlackFideId "36048445"]
[EventDate "2020.05.16"]

1. e4 c5 2. Nf3 Nc6 3. Nc3 e6 4. d4 cxd4 5. Nxd4 Qc7 6. g3 Nf6 7. Bg2 a6 8. O-O
Be7 9. Re1 d6 10. Nxc6 bxc6 11. e5 dxe5 12. Rxe5 O-O 13. Bf4 Bd6 14. Rxe6 Bxf4
15. Rxc6 Qe7 16. gxf4 Bb7 17. Rc4 Bxg2 18. Kxg2 Qb7+ 19. f3 Qxb2 20. Rb1 Qa3 21.
Rb3 Qa5 22. Ne4 Qf5 23. Rc5 Qxf4 24. Nxf6+ Qxf6 25. Qd5 Rad8 26. Qc6 Rd2+ 27.
Kg3 Qa1 28. Rc4 Qg1+ 29. Kf4 Qxh2+ 30. Kg4 Rg2+ 31. Kf5 Qh5+ 32. Ke4 g6 33. Qf6
Re8+ 34. Kd3 Qd5+ 35. Rd4 Qa5 36. a4 Rd2+ 37. Kc4 Rxc2+ 38. Kd3 Rd2+ 39. Kc4
Qxa4+ 40. Rb4 Rxd4+ 41. Qxd4 Qc6+ 42. Kd3 Qxf3+ 43. Kc4 Qc6+ 44. Kb3 a5 45. Rc4
Qb7+ 46. Kc3 Rb8 47. Kd3 Qb3+ 48. Ke4 Qb1+ 49. Kd5 Rd8+ 50. Kc5 Rxd4 0-1

[Event "ch-FRA Blitz Online Qual"]
[Site "Europe-Chess INT"]
[Date "2020.05.16"]
[Round "14"]
[White "Lorans, Sylvain"]
[Black "Fretel, Liza"]
[Result "0-1"]
[WhiteElo "2086"]
[BlackElo "1934"]
[WhiteFideId "605794"]
[BlackFideId "26045460"]
[EventDate "2020.05.16"]

1. d4 Nf6 2. c4 e6 3. Nc3 Bb4 4. e3 O-O 5. Bd2 Re8 6. Nf3 Bf8 7. e4 e5 8. dxe5
Ng4 9. Bf4 Nc6 10. Qd5 Ne7 11. Qd2 Ng6 12. Bg5 Be7 13. e6 dxe6 14. Qxd8 Bxd8 15.
h3 N4e5 16. Be3 Nxf3+ 17. gxf3 c6 18. O-O-O e5 19. Be2 Be6 20. Kc2 Bb6 21. b3
Nf4 22. Rhg1 Nxh3 23. Rg2 Nf4 24. Rg3 g6 25. Rh1 Kh8 26. c5 Ba5 27. Bd1 Rad8 28.
Rh4 Nd3 0-1